| 000 | 00552nam a22002057a 4500 | ||
|---|---|---|---|
| 003 | KOHA_MİRAKIL | ||
| 005 | 20260330124450.0 | ||
| 008 | 260330b tu ||||| |||| 00| 0 tur d | ||
| 020 | _a9786257534222 | ||
| 040 |
_aTR-AnABB _btur _cTR-AnABB |
||
| 041 | _atur | ||
| 082 |
_a813.42 _bATI 2021 |
||
| 100 | 1 | _aAtıcı, Erdal | |
| 245 | 1 | 0 |
_aBir uzun gece / _cErdal Atıcı |
| 250 | _a2. basım | ||
| 260 |
_aAnkara : _bÜrün Yayınları, _c2021 |
||
| 300 |
_a192 sayfa ; _c20 cm |
||
| 650 | 0 | 4 | _aTürk edebiyatı, roman |
| 942 |
_2ddc _cBK |
||
| 999 |
_c10092 _d10092 |
||
| 900 | _bCan ÇELIK | ||